Počítačová podpora hodnotenia kvality zvarov prostredníctvom single-board počítačov

Salvato in:
Dettagli Bibliografici
Autore principale: Bachúriková, Mária (Autore)
Altri autori: Rosinová, Danica (Relatore della tesi)
Natura: Manoscritto Libro
Lingua:slovacco
Pubblicazione: 2016
Soggetti:
Accesso online:http://is.stuba.sk/zp/portal_zp.pl?podrobnosti=119962
Tags: Aggiungi Tag
Nessun Tag, puoi essere il primo ad aggiungerne!!

MARC

LEADER 00000ntm a22000003a 4500
001 stuzp55515
003 SK-STU
005 20160823134609.2
007 ta
008 150427s2015----xo-----f-mn---000-0-slo-d
040 |a STU  |b slo 
041 0 |a slo 
044 |a xo 
100 1 |a Bachúriková, Mária  |u 035000  |k Z4  |4 aut  |U FEI Fakulta elektrotechniky a informatiky  |T FEI Ústav informatiky a matematiky  |X 5888  |U E050  |Y 816  |7 A000005888 
242 0 1 |a Computer Support for Welds Quality Evaluation using the Single-board Computer  |y eng 
245 1 0 |a Počítačová podpora hodnotenia kvality zvarov prostredníctvom single-board počítačov 
260 |c 2016 
300 |a 43 s., príl.,  |b CD-ROM 
650 4 |a Android  |2 slo 
650 4 |a Raspberry Pi  |2 slo 
650 4 |a kontrola zvaru  |2 slo 
650 4 |a cloud  |2 slo 
650 4 |a Android  |2 eng 
650 4 |a Raspberry Pi  |2 eng 
650 4 |a weld evaluation  |2 eng 
650 4 |a cloud  |2 eng 
700 1 |a Rosinová, Danica  |u 030400  |k Z1  |4 ths  |U FEI Fakulta elektrotechniky a informatiky  |T FEI Ústav automobilovej mechatroniky  |X 4938  |U E400  |Y 642  |7 A000004938 
856 4 |u http://is.stuba.sk/zp/portal_zp.pl?podrobnosti=119962 
996 |b 284EP11509  |c E*DIPL- 11509  |l EE35  |s P  |a 0  |w stuzp55515_0001 
SQL |a stuzp55515  |b DDP  |c SLO  |d Počítačová podpora hodnotenia kvality zvarov prostredníctvom single-board počítačov  |e 5888  |f Bachúriková, Mária  |g 035000  |h 4938  |i Rosinová, Danica  |j 20160615  |k 359  |l 03  |m http://is.stuba.sk/zp/portal_zp.pl?podrobnosti=119962  |n I-API  |o 9.2.9. aplikovaná informatika